India-National Symbols Quiz - Statistics

General Stats
  • This quiz has been taken 1,181 times
  • The average score is 10 of 21
Answer Stats
Question Answer % Correct
The National Animal of India? The Royal Bengal Tiger (Panthera tigris)
99%
The National Bird of India? The Indian Peacock (Pavo cristatus)
95%
The National Flower of India? Lotus (Nelumbo nucifera gaertn)
93%
The National Fruit of India? Mango (Mangifera indica)
92%
The National River of India? Ganga
85%
The National Tree of India? The Banyan tree (Ficus benghalensis)
80%
National Anthem? Jana-gana-mana The Hindi Version
77%
National Song? Vande Mataram
68%
Who wrote Jana-gana-mana? Rabindranath Tagore
61%
National Calendar is based on _____ Era. Saka Era
42%
The full version of Jana-gana-mana is sung in __ seconds. 52
38%
National Currency? Indian Rupee
34%
Vande Mataram was written by ______________. Bankimchandra Chatterji
28%
The National Aquatic Animal of India? River Dolphin (Platanista gangetica) also called 'susu' locally
21%
The short version of Jana-gana-mana is sung in __ seconds. 20
18%
First month of Saka calendar? Chaitra
14%
National Emblem? An adaptation of the Sarnath Lion Capital of Emporer Ashoka
9%
The inscription on the National Emblem taken from Mundaka Upanishad is _______. Satyameva Jayate (Truth Alone Triumphs)
9%
In a leap year Saka New Year is on ___________. 21st March
5%
Saka New Year corresponds to which date on Gregorian Callendar in a non-leap year? 22nd March
5%
Who designed and conceptualised the symbol for Indian Rupee? Udaya Kumar Dharmalingam
2%
No matching quizzes found
Score Distribution
Percent of People with Each Score
Percentile by Number Answered
Your Score History
You have not taken this quiz